| 000 | 00815nab a2200253 u 4500 | ||
|---|---|---|---|
| 001 | 13721 | ||
| 003 | HDC | ||
| 007 | cr bn ---aaaaa | ||
| 008 | 210213c mydr|nes 0 a may d | ||
| 040 | _aHDC | ||
| 100 |
_aNabila Yasmin Razib _eauthor _97621 |
||
| 245 | 0 |
_aAEC tarik minat pelabur Jerman _cby Nabila Yasmin Razib |
|
| 260 |
_aMalaysia: _bUtusan Malaysia, _c2015 |
||
| 336 |
_atext _2rdacontent |
||
| 337 |
_acomputer _2rdamedia |
||
| 338 |
_aonline resource _2rdacarrier |
||
| 650 |
_aeconomy _91877 |
||
| 650 |
_ainvestors _98723 |
||
| 710 | _aUtusan Malaysia | ||
| 856 | _zRequest full-text at [email protected] | ||
| 942 | _2lcc | ||
| 942 | _cNEWS | ||
| 942 | _kNSWC 004538 | ||
| 999 |
_c11037 _d11037 |
||